| 000 | 00488nam a2200145 a 4500 | ||
|---|---|---|---|
| 001 | 000046088 | ||
| 005 | 20201002052630.0 | ||
| 008 | 150618s1982 ve a 000 0 spa d | ||
| 040 |
_aDO-SdBNP _bspa _cBNPHU |
||
| 082 |
_axxxx _bxxxx |
||
| 100 | 1 |
_aMaita Pino, Esther _974158 |
|
| 245 | 1 | 0 |
_aManual práctico de la alimentación natural / _cEsther Maita Pino (Swami Kevalananda Aaraswati). |
| 260 |
_aCaracas, Venezuela : _bPolicrom, _bAlfa y Omega, _c1982. |
||
| 300 |
_a181 p. : _bil. ; _c21 cm. |
||
| 999 |
_c45577 _d45577 |
||